Automatic process control for chemical engineers (Record no. 25223)

000 -LEADER
fixed length control field 00528nam a2200193 4500
001 - CONTROL NUMBER
control field 25223
003 - CONTROL NUMBER IDENTIFIER
control field BD-DhUET
008 - FIXED-LENGTH DATA ELEMENTS--GENERAL INFORMATION
fixed length control field 150304b1956 xxu||||| |||| 00| 0 eng d
040 ## - CATALOGING SOURCE
Original cataloging agency DLC
Transcribing agency DLC
Modifying agency BD-DhUET
082 ## - DEWEY DECIMAL CLASSIFICATION NUMBER
Classification number 660.28
Item number CEA/1956
100 ## - MAIN ENTRY--PERSONAL NAME
Personal name Ceaglaske, Norman H.
245 ## - TITLE STATEMENT
Title Automatic process control for chemical engineers
250 ## - EDITION STATEMENT
Edition statement 1st ed.
260 ## - PUBLICATION, DISTRIBUTION, ETC. (IMPRINT)
Place of publication, distribution, etc. New Delhi
Name of publisher, distributor, etc. Wiley Eastern
Date of publication, distribution, etc. 1956
300 ## - PHYSICAL DESCRIPTION
Extent xiv, 228 p.
Other physical details ill.
Dimensions 23 cm.
504 ## - BIBLIOGRAPHY, ETC. NOTE
Bibliography, etc Includes bibliographies
650 #0 - SUBJECT ADDED ENTRY--TOPICAL TERM
Topical term or geographic name as entry element Chemical engineering
942 ## - ADDED ENTRY ELEMENTS (KOHA)
Koha item type General Book
Holdings
Koha date last seen Lost status Koha normalized classification for sorting Damaged status Not for loan Sublocation or collection (holding branch) Shelving location Koha item type Copy number Koha full call number Piece designation (barcode) Date acquired Price effective from Location (home branch) Source of classification or shelving scheme Withdrawn status
2015-05-13 660_280000000000000_CEA_1956  Central Library, BUETCirculation sectionGeneral Book1660.28/CEA/1956326242015-05-132015-05-13Central Library, BUET  
2015-05-13 660_280000000000000_CEA_1956  Central Library, BUETCirculation sectionGeneral Book2660.28/CEA/1956326232015-05-132015-05-13Central Library, BUET  
2015-05-13 660_280000000000000_CEA_1956  Central Library, BUETCirculation sectionGeneral Book3660.28/CEA/1956326222015-05-132015-05-13Central Library, BUET  
2015-05-13 660_280000000000000_CEA_1956  Central Library, BUETCirculation sectionGeneral Book4660.28/CEA/1956326212015-05-132015-05-13Central Library, BUET  
2015-05-13 660_280000000000000_CEA_1956  Central Library, BUETCirculation sectionGeneral Book5660.28/CEA/1956209282015-05-132015-05-13Central Library, BUET  
2015-05-13 660_280000000000000_CEA_1956  Central Library, BUETCirculation sectionGeneral Book6660.28/CEA/1956373102015-05-132015-05-13Central Library, BUET  
2015-05-13 660_280000000000000_CEA_1956  Central Library, BUETCirculation sectionGeneral Book7660.28/CEA/1956326252015-05-132015-05-13Central Library, BUET  
2015-05-13 660_280000000000000_CEA_1956  Central Library, BUETCirculation sectionGeneral Book8660.28/CEA/1956111452015-05-132015-05-13Central Library, BUET  
2015-05-13 660_280000000000000_CEA_1956  Central Library, BUETCirculation sectionGeneral Book9660.28/CEA/1956111482015-05-132015-05-13Central Library, BUET  
2015-05-13 660_280000000000000_CEA_1956  Central Library, BUETCirculation sectionGeneral Book10660.28/CEA/1956111442015-05-132015-05-13Central Library, BUET  
2015-05-13 660_280000000000000_CEA_1956  Central Library, BUETCirculation sectionGeneral Book11660.28/CEA/1956124312015-05-132015-05-13Central Library, BUET  
2015-05-13 660_280000000000000_CEA_1956  Central Library, BUETCirculation sectionGeneral Book12660.28/CEA/1956101512015-05-132015-05-13Central Library, BUET